00786cam a2200253 a 450000100060000000300080000600500170001400800410003102000150007203500200008704000270010704100080013408200180014210000190016024500740017925000120025326000700026530000330033550400660036865000120043465000150044665000260046170000450048730091BD-RjUL20211209051518.0140409s2007 i a b 001 0 eng d a0070615942 a(BD-RjUL) 30176 aDLCcDLCdBD-RjULbeng aeng a153bHUF 20071 aHunt, R. Reed.10aFundamentals of cognitive psychology /cR. Reed Hunt, Henry C. Ellis. a7th ed. aNewDelhi :bMcGraw-Hill Higher Education,cc2004 [ Reprint 2007]. axx, 478 p. :bill. :c23 cm. aIncludes bibliographical references (p. 418-461) and indexes. 0aMemory. 0aCognition. 0aCognitive psychology.1 aEllis, Henry C.q(Henry Carlton),d1927-